1652 1179 1879 1992 1785 1341 1125 1429 1926 1437 1146 1694 1777 1293 1317 1686 1582 1017 1926 1341 1986 1924 1540 1815 1705 1405 1975 1700 1270 1881 1797 1556 1431 1840 1583 1067 1864 1679 1344 1869 1746 1901 1373 1470 1593 1229 1918 1770 1358 1706 1791 1509 1765 1057 1680 1158 1200 1145 1659 1215 1968 1643 1230 1234 1021 1529 1713 1467 1224 1587 1451 1331 1804 1224 1092 1715 1884 1945 1771 1702 1118 1604 1269 1309 1595 1398 1642 1697 1205 1909 1360 1357 1982 1358 1480 1544 1291 1429 1219 BCNSPRNW ULIB Ver.6.0+V

เปลี่ยนเป็นภาษาไทย

Change to English
 แสดงรายละเอียดบรรณานุกรม
  กลับหน้าหลัก

Brief Record : Get Marc (ISO 2709) : E-mail record : QR code < ปิดหน้าต่าง
LEADER : 00000nam a2200000Ia 4500
001    13399125488
003     ULIB
008    160805s2559 th a b 000 0 tha d
020    ^a9786162237775
040    ^absi
060 04 ^aW700^bอ555น
100 0  ^aอัมพร แจ่มสุวรรณ
245 10 ^aนิติเวชคลินิก /^cอัมพร แจ่มสุวรรณ
250    ^aพิมพ์ครั้งที่ 1
260    ^a[ขอนแก่น] :^bภาควิชานิติเวชศาสตร์ คณะแพทยศาสตร์ มหาวิทยาลัยขอนแก่น,^c2559
300    ^a214 หน้า :^bภาพประกอบ ;^c19 ซม.
650  4 ^aนิติเวชวิทยา
650  4 ^aนิติเวชศาสตร์
650  4 ^aการตรวจศพ
710 2  ^aมหาวิทยาลัยขอนแก่น.^bคณะแพทยศาสตร์.^bภาควิชานิติเวชศาสตร์
945    ^p200^l0^i25171
945    ^p200^l0^i25172
945    ^p200^l0^i25173
945    ^p200^l0^i25174
945    ^p200^l0^i25175
945    ^p200^l0^i25176
995    ^aกัณชพร
999    ^aกัณชพร
รายการนี้ยังไม่มีแท็ก
คุณยังไม่ได้ล็อกอิน คุณสามารถมีกิจกรรมร่วมกับเว็บไซต์ได้ แต่ต้องล็อกอินก่อน ::
  ล็อกอิน

รายการสื่อสารสนเทศ

ลำดับที่ ประเภท เลขเรียก/บาร์โค้ด สถานที่ สถานะ
1. หนังสือสำรอง
หนังสือสำรอง
W700 อ555น ฉ.1 
  Barcode: 25171
ห้องสมุดวิทยาเขตนครสวรรค์
►ส่วนจัดเก็บหนังสือเก่า นว.
บนชั้น
  ขอยืม
2. วิทยาศาสตร์การแพทย์ และสุขภาพ
วิทยาศาสตร์การแพทย์ และสุขภาพ
W700 อ555น ฉ.2 
  Barcode: 25172
ห้องสมุดวิทยาเขตนครสวรรค์
►ส่วนจัดเก็บหนังสือเก่า นว.
บนชั้น
  ขอยืม
3. วิทยาศาสตร์การแพทย์ และสุขภาพ
วิทยาศาสตร์การแพทย์ และสุขภาพ
W700 อ555น ฉ.3 
  Barcode: 25173
ห้องสมุดวิทยาเขตนครสวรรค์
►ส่วนจัดเก็บหนังสือเก่า นว.
บนชั้น
  ขอยืม
4. วิทยาศาสตร์การแพทย์ และสุขภาพ
วิทยาศาสตร์การแพทย์ และสุขภาพ
W700 อ555น ฉ.4 
  Barcode: 25174
ห้องสมุดวิทยาเขตนครสวรรค์
►ส่วนจัดเก็บหนังสือเก่า นว.
บนชั้น
  ขอยืม
5. วิทยาศาสตร์การแพทย์ และสุขภาพ
วิทยาศาสตร์การแพทย์ และสุขภาพ
W700 อ555น ฉ.5 
  Barcode: 25175
ห้องสมุดวิทยาเขตนครสวรรค์
►ส่วนจัดเก็บหนังสือเก่า นว.
บนชั้น
  ขอยืม
6. วิทยาศาสตร์การแพทย์ และสุขภาพ
วิทยาศาสตร์การแพทย์ และสุขภาพ
W700 อ555น ฉ.6 
  Barcode: 25176
ห้องสมุดวิทยาเขตนครสวรรค์
►ส่วนจัดเก็บหนังสือเก่า นว.
บนชั้น
  ขอยืม

รายการใกล้เคียง
    ผู้แต่ง [อัมพร แจ่มสุวรรณ]

    หัวเรื่อง [นิติเวชวิทยา]
    หัวเรื่อง [นิติเวชศาสตร์]
    หัวเรื่อง [การตรวจศพ]

BibComment


ยังไม่เคยถูกคอมเมนท์

คอมเมนท์ทรัพยากรรายการนี้
  คอมเมนท์: นิติเวชคลินิก อ..


 Copyright 2026. Bcnsprnw @Library